logo

Bir Sreshtho Munshi Abdur Rouf Library
Jhenaidah Cadet College

Language in thought and action / (Record no. 8704)

MARC details
000 -LEADER
fixed length control field 00735cam a2200265 4500
001 - CONTROL NUMBER
JCCL Control Number 8704
003 - CONTROL NUMBER IDENTIFIER
JCCL marc code BD-JhCC
005 - DATE AND TIME OF LATEST TRANSACTION
control field 20180529103718.0
008 - FIXED-LENGTH DATA ELEMENTS--GENERAL INFORMATION
fixed length control field 720314s1972 nyu b 001 0 eng
020 ## - INTERNATIONAL STANDARD BOOK NUMBER
International Standard Book Number 0155501186
035 ## - SYSTEM CONTROL NUMBER
system control number (BD-JhCC)8704
040 ## - CATALOGING SOURCE
Original cataloging agency DLC
Transcribing agency DLC
Modifying agency DLC
-- BD-JhCC
041 ## - LANGUAGE CODE
Language code of Book eng
050 00 - LIBRARY OF CONGRESS CALL NUMBER
Classification number PE1585
Item number .H36 1972
082 00 - DEWEY DECIMAL CLASSIFICATION NUMBER
Classification number 425
Author mark and Year HAY 1972
100 1# - MAIN ENTRY--PERSONAL NAME
Personal name Hayakawa, S. I.
Fuller form of name (Samuel IchiyƩ),
Dates associated with a name 1906-1992.
245 10 - TITLE STATEMENT
Title Language in thought and action /
Statement of responsibility, etc S. I. Hayakawa
250 ## - EDITION STATEMENT
Edition statement 3d ed.
260 ## - PUBLICATION, DISTRIBUTION, ETC. (IMPRINT)
Place of publication, distribution, etc New York,
Name of publisher, distributor, etc Harcourt Brace Jovanovich
Date of publication, distribution, etc [1972]
300 ## - PHYSICAL DESCRIPTION
Pagination xvii, 289 p.
Dimensions 22 cm.
504 ## - BIBLIOGRAPHY, ETC. NOTE
Bibliography, etc Bibliography: p. 275-278.
650 #0 - SUBJECT ADDED ENTRY--TOPICAL TERM
Topical term or geographic name as entry element English language
General subdivision Semantics.
942 ## - ADDED ENTRY ELEMENTS (KOHA)
Source of classification or shelving scheme Dewey Decimal Classification
Koha item type Books
Holdings
Source of classification or shelving scheme Damaged status Not for loan Home library Current library Shelving location Total Checkouts Full call number Barcode Date last seen Copy number Koha item type
Dewey Decimal Classification     JCC Rouf Library JCC Rouf Library General Stacks   425 HAY 1972 11427 03/01/2018 C - 1 Books

JCC Library | Contacts | JCC Home

Last Update on 23 September 2017
Copyright @ 2017-2020 JCC Rouf Library
Rouf Library, Jhenidah Cadet College (JCC), Bangladesh